|
|
|
|
| LEADER |
01047nam a2200265 a 4500 |
| 001 |
11940 |
| 003 |
BD-DhAAL |
| 008 |
090601r20012000maua b 001 0 eng d |
| 999 |
|
|
|c 7435
|d 7435
|
| 010 |
|
|
|a \\\99037328
|
| 020 |
|
|
|a 0256228965 (alk. paper)
|
| 020 |
|
|
|a 0070472432
|
| 040 |
|
|
|a DLC
|c DLC
|d BD-DhAAL
|
| 082 |
0 |
0 |
|a 658.3
|2 23
|
| 100 |
1 |
|
|a McShane, Steven Lattimore.
|9 40409
|
| 245 |
1 |
0 |
|a Organizational behavior /
|c Steven L. McShane, Mary Ann Von Glinow.
|
| 260 |
|
|
|a Boston :
|b Irwin/McGraw-Hill ;
|a India :
|b Tata McGraw-Hill,
|c c2000 [reprinted 2001]
|
| 300 |
|
|
|a xxv, 709 pages :
|b illustrations ;
|c 28 cm.
|
| 504 |
|
|
|a Includes bibliographical references (pages. 621-682) and index.
|
| 541 |
1 |
|
|e 00011940
|
| 650 |
|
0 |
|a Organizational behavior.
|9 40410
|
| 700 |
1 |
|
|a Von Glinow, Mary Ann Young,
|d 1949-
|9 40411
|
| 852 |
4 |
|
|a Ayesha Abed Library
|j General Stacks
|
| 942 |
|
|
|2 ddc
|c BK
|
| 952 |
|
|
|0 0
|1 0
|2 ddc
|4 0
|6 658_MAC_200100000000000
|7 0
|9 7969
|a BRACUL
|b BRACUL
|c GEN
|d 2010-02-10
|l 12
|m 75
|o 658 MAC
|p 3010011940
|r 2026-01-28
|s 2025-12-30
|t 1
|w 2010-02-10
|y BK
|